Estampas provincianas (Record no. 3418)

MARC details
000 -CABECERA
campo de control de longitud fija 00703nam a2200193 a 4500
001 - NÚMERO DE CONTROL
campo de control BRCA_3687
005 - FECHA Y HORA DE LA ÚLTIMA TRANSACCIÓN
campo de control 20190320204401.0
008 - DATOS DE LONGITUD FIJA--INFORMACIÓN GENERAL
campo de control de longitud fija 751006s1953 mx-a---###---#000-1#spa-#
041 ## - CÓDIGO DE LENGUA
Código de lengua del texto/banda sonora o título independiente spa
044 ## - CÓDIGO DEL PAÍS DE LA ENTIDAD EDITORA/PRODUCTORA
Código MARC del país mx
050 #4 - SIGNATURA TOPOGRÁFICA DE LA BIBLIOTECA DEL CONGRESO
Número de clasificación PQ7297
Número de documento/Ítem .L64 1953
100 1# - ENTRADA PRINCIPAL--NOMBRE DE PERSONA
Nombre de persona Loera y Chávez, Agustin
Fechas asociadas al nombre 1895-
9 (RLIN) 9571
245 10 - MENCIÓN DE TÍTULO
Título Estampas provincianas
Mención de responsabilidad, etc. Agustin Loera y Chávez : ilustraciones de Alberto Beltrán.
260 ## - PUBLICACIÓN, DISTRIBUCIÓN, ETC.
Lugar de publicación, distribución, etc. México
Nombre del editor, distribuidor, etc. Cultura
Fecha de publicación, distribución, etc. 1953
300 ## - DESCRIPCIÓN FÍSICA
Extensión 57 p.
Otras características físicas il.
Dimensiones 24 cm.
501 ## - NOTA DE "CON"
Nota de “Con” Con: cap. 1. La calle del obrador. cap. 2. El tío Esteban. cap. 3. Los Alatorres. cap. 4. El mesón de Don Romualdo. cap. 5. La tía Marianita. cap. 6. Don Trinidad
700 1# - PUNTO DE ACCESO ADICIONAL--NOMBRE DE PERSONA
Nombre de persona Beltrán, Alberto
9 (RLIN) 9572
942 ## - ELEMENTOS DE PUNTO DE ACCESO ADICIONAL (KOHA)
Fuente del sistema de clasificación o colocación Library of Congress Classification
Tipo de ítem Koha Libros
Holdings
Estado de retiro Estado de pérdida Estado dañado No para préstamo Localización permanente Ubicación/localización actual Fecha de adquisición Total de préstamos Signatura topográfica completa Código de barras Fecha visto por última vez Precio válido a partir de Tipo de ítem Koha
El ejemplar forma parte de la colección y puede ser consultado según las políticas vigentes.       Biblioteca del Museo Franz Mayer (Rogerio Casas-Alatriste) Biblioteca del Museo Franz Mayer (Rogerio Casas-Alatriste) 04/09/2009   PQ7297 .L64 1953 00591 22/03/2019 22/03/2019 Libros